Concise Textbook of Surgery with Orthopaedics and Fractures (Record no. 154891)

MARC details
000 -LEADER
fixed length control field 00366nam a2200133Ia 4500
008 - FIXED-LENGTH DATA ELEMENTS--GENERAL INFORMATION
fixed length control field 230411s9999 xx 000 0 und d
041 ## - LANGUAGE CODE
Language code of text/sound track or separate title eng
082 ## - DEWEY DECIMAL CLASSIFICATION NUMBER
Classification number S/617/DAS/B04187
100 ## - MAIN ENTRY--PERSONAL NAME
Personal name Das Somen
9 (RLIN) 176409
245 ## - TITLE STATEMENT
Title Concise Textbook of Surgery with Orthopaedics and Fractures
260 ## - PUBLICATION, DISTRIBUTION, ETC. (IMPRINT)
Name of publisher, distributor, etc. S Das
Place of publication, distribution, etc. Calcutta
Date of publication, distribution, etc. 2001
300 ## - PHYSICAL DESCRIPTION
Extent 1324p
Holdings
Withdrawn status Lost status Damaged status Not for loan Collection code Home library Current library Date acquired Vendor Cost, normal purchase price Bill number Total Checkouts Full call number Barcode Date last seen Cost, replacement price Bill Date Koha item type Original Barcode
          Smt. Bakul Tambat Institute of Nursing Education Smt. Bakul Tambat Institute of Nursing Education 05/09/2007 B.J.Medical Co-oprative College Stores 742.00 9110   S 617 DAS B04187 BTIN-BK-4187 11/04/2023 579.00 15/07/2005 Books B04187